LIBRARY & INFORMATION CENTRE, KCAET, TAVANUR

ONLINE PUBLIC ACCESS CATALOGUE (OPAC)

Water resources engineering / (Record no. 11088)

MARC details
000 -LEADER
fixed length control field 00459cam a2200181ua 4500
003 - CONTROL NUMBER IDENTIFIER
control field OSt
008 - FIXED-LENGTH DATA ELEMENTS--GENERAL INFORMATION
fixed length control field 250802b |||||||| |||| 00| 0 eng d
020 ## - INTERNATIONAL STANDARD BOOK NUMBER
ISBN 0-07-037965-3
041 ## - LANGUAGE CODE
Language code of text/sound track or separate title eng
082 ## - DEWEY DECIMAL CLASSIFICATION NUMBER
Classification number 627
Item number LIN/WA
100 ## - MAIN ENTRY--AUTHOR NAME
Personal name Linsley, Raj K .
245 ## - TITLE STATEMENT
Title Water resources engineering /
250 ## - EDITION STATEMENT
Edition statement 3 /
260 ## - PUBLICATION, DISTRIBUTION, ETC. (IMPRINT)
Place of publication New York :
Name of publisher McGraw Hill Book Company ,
Year of publication 1979.
300 ## - PHYSICAL DESCRIPTION
Number of Pages 716 ; .
700 1# - ADDED ENTRY--PERSONAL NAME
Personal name Feaizine, Joseph B.
942 ## - ADDED ENTRY ELEMENTS (KOHA)
Koha item type Books
Holdings
Withdrawn status Lost status Damaged status Home library Current library Date acquired Full call number Accession Number Koha item type
      KAUAET KAUAET 07/04/2012 627 LIN/WA 15679 Books
free website counter